Statistics for Amsterdam Airport (AMS) Destinations

Click here to take the quiz!

General Stats

  • This quiz has been taken 864 times
    (633 since last reset)
  • The average score is 139 of 291

Answer Stats

HintAnswer% Correct
British Airways, easyJetLondon-Gatwick
97%
British Airways, KLMLondon-Heathrow
97%
easyJet, VuelingLondon-Luton
97%
easyJetLondon-Stansted
97%
easyJetLondon-Southend
97%
British Airways, Flybe, KLMLondon-City
96%
Aer Lingus, KLM, RyanairDublin
95%
Air Europa, Iberia Express, KLMMadrid
94%
Transavia, Transavia FranceParis-Orly
94%
Air France, KLM, TACVParis-Charles de Gaulle
94%
Delta, KLMNew York-JFK
92%
KLM, Transavia, VuelingBarcelona
91%
Aeroflot, KLMMoscow–Sheremetyevo
91%
Alitalia, easyJet, KLM, VuelingRome-Fiumicino
90%
KLM, Norwegian Air Shuttle, Scandinavian AirlinesOslo
90%
KLMBerlin-Tegel
89%
KLM, Norwegian Air Shuttle, Scandinavian AirlinesStockholm-Arlanda
89%
easyJetBerlin-Schönefeld
89%
Aegean Air, KLM, TransaviaAthens
88%
KLMLos Angeles
88%
AtlasGlobal, KLM, Onur Air, Turkish AirlinesIstanbul-Ataturk
87%
Corendon Dutch, Pegasus, Turkish AirlinesIstanbul–Sabiha Gökçen
87%
Finnair, KLM, Norwegian Air Shuttle, TransaviaHelsinki
87%
China Southern, KLMBeijing
86%
Air Cairo, EgyptairCairo
86%
easyJet, KLM, TAP Portugal, Transavia, VuelingLisbon
85%
easyJet, KLM, Swiss Air, TransaviaZurich
85%
easyJet, KLM, VuelingMilan-Malpensa
85%
Alitalia, esayJet, KLMMilan-Linate
85%
Emirates, KLM, TransaviaDubai
85%
Cathay Pacific, KLMHong Kong
84%
Eurowings, KLM, Luthansa, TransaviaMunich
84%
Austrian Air, easyJet, KLMVienna
84%
KLM, Singapore AirlinesSingapore
84%
KLM, LOT PolishWarsaw
84%
easyJet, Flybe, KLM, VuelingManchester
83%
KLM, LufthansaFrankfurt
83%
KLM, Norwegian Air Shuttle, Scandinavian AirlinesCopenhagen
82%
KLMTokyo-Narita
81%
KLMMiami
81%
KLM, UnitedChicago-O'hare
81%
China Eastern, KLMShanghai-Pudong
81%
DeltaBoston
80%
easyJet, KLM, TransaviaNice
80%
KLMBrussels
80%
KLM, Korean AirSeoul-Incheon
80%
Air Canada, Air Transat, Jet Airways, KLMToronto
80%
KLMSan Francisco
80%
Aeromexico, KLMMexico City
80%
Air FranceMarseille
80%
easyJet, KLMLyon
78%
easyJet, KLMGlasgow
78%
KLM, UnitedHouston
78%
Akria, easyJet, El Al, Israir Air, KLM, Sun D'or, TransaviaTel Aviv
78%
eastJet, KLMBudapest
78%
KLMCape Town
77%
easyJet, KLMEdinburgh
77%
American AirlinesDallas/Fort Worth
77%
KLM, Ukraine InternationalKiev-Boryspil
77%
Garuda Indonesia, KLMJakarta
77%
Czech Airlines, easyJet, KLMPrague
76%
KLMRio de Janeiro
76%
Air Transat, KLMVancouver
76%
Croatia Airlines, KLMZagreb
76%
KLMSaint Petersburg
76%
Corendon Air, Turkish AirlinesAnkara
75%
easyJet, Eurowings, KLMHamburg
75%
KLM, UnitedWashington-Dulles
75%
Delta, KLMAtlanta
74%
KLMJohannesburg
74%
KLM, TaromBucharest
74%
Etihad, KLMAbu Dhabi
74%
KLM, TAP Portugal, Transavia, VuelingPorto
74%
easyJet Switzerland, KLMGeneva
73%
Royal Air Maroc, TransaviaCasablanca
73%
KLMMontreal-Trudeau
73%
airBalticRiga
73%
Jet AirwaysMumbai
72%
DeltaSeattle/Tacoma
72%
Jet Airways, KLMDelhi
72%
EVA Air, KLMBangkok-Suvarnabhumi
71%
Icelandair, WOW AirReykjavik
70%
Air Serbia, TransaviaBelgrade
69%
easyJet, Transavia, VuelingNaples
69%
easyJet, KLMVenice
68%
Flybe, KLMBirmingham
68%
Qatar AirwaysDoha
68%
KLMDusseldorf
68%
Bulgaria Air, TransaviaSofia
68%
KLMSao Paulo
68%
DeltaOrlando
68%
airBalticVilnius
66%
DeltaDetroit
66%
KLMBuenos Aires
66%
SkyWork AirlinesBern
66%
Kenya Airways, KLMNairobi
65%
KLMBogota
65%
KLMBelfast-City
65%
easyJet, KLMBelfast-International
65%
easyJetLiverpool
65%
TransaviaSal
65%
China Airlines, EVA Air, KLMTaipei-Taoyuan
65%
BelaviaMinsk
63%
Aer LingusCork
63%
VuelingSantiago de Compostela
62%
easyJet, KLMBordeaux
62%
KLMSantiago
62%
American AirlinesPhiladelphia
62%
KLM, Transavia, VuelingValencia
61%
KLMOsaka-Kansai
61%
KLM, Surinam AirwaysParamaribo
61%
China SouthernGuangzhou
61%
KLMKrakow
61%
KLMKuala Lumpur
60%
TunisairTunis
59%
KLMLima
59%
KLM, TransaviaTurin
58%
Adria Airways, TransaviaLjubljana
58%
Air Malta, TransaviaMalta
57%
Eurowings, KLMStuttgart
57%
Iran Air, KLMTehran
57%
KLM, VuelingFlorence
56%
KLMToulouse
55%
airBaltic, NordicaTallinn
55%
KLMHavana
55%
KLMAstana
55%
Royal JordanianAmman
54%
KLMLagos
54%
KLM, VuelingBilbao
54%
Corendon Dutch, easyJet, KLM, Ryanair, Transavia, VuelingMalaga
53%
Jet2.com, KLMLeeds/Bradford
51%
Corendon Air, Corendon Dutch, Pegasus, SunExpress, TransaviaAntalya
51%
Delta, KLMMinneapolis/St. Paul
51%
easyJet Switzerland, KLMBasel/Mulhouse
51%
easyJet, TransaviaPalermo
51%
easyJet, KLMSplit
51%
easyJet, KLM, Transavia, VuelingIbiza
51%
Transavia, VuelingSeville
50%
Corendon Dutch, Transavia, VuelingPalma de Mallorca
49%
Air Transat, KLMCalgary
49%
easyJet, TransaviaTenerife-South
49%
KLMManila
49%
KLMAruba
48%
KLMCuracao
48%
TransaviaTirana
47%
TransaviaFaro
47%
UnitedNewark
47%
DeltaPortland (OR)
47%
Croatia Airlines, easyJet, TransaviaDubrovnik
47%
Corendon Air, SunExpress, TransaviaIzmir
47%
KLMGothenburg
46%
easyJet, TransaviaSalzburg
46%
TransaviaThessaloniki
46%
KLMAberdeen
45%
KLMNewcastle upon Tyne
45%
KLMSint Marteen
45%
KLM, XiamenairXiamen
45%
KLMSan Jose (CR)
44%
KLMLuxembourg
44%
KLMCardiff
43%
KLMDresden
43%
KLMQuito
43%
TransaviaInnsbruck
43%
KLMKuwait
43%
KLMHanover
43%
KLMPanama City
42%
Corendon Dutch, easyJet, KLM, Transavia, VuelingAlicante
42%
KLMBologna
42%
KLMMuscat
41%
Georgian AirwaysTbilisi
41%
Aegean Air, Corendon Dutch, TransaviaHeraklion
41%
Corendon DutchMarrakesh
41%
KLMChengdu
40%
KLMGdansk
40%
KLMAccra
39%
KLMNantes
39%
KLMGenoa
38%
KLMBremen
37%
easyJet, TransaviaCorfu
37%
KLMEdmonton
36%
TransaviaBari
36%
Flybe, KLMSouthampton
36%
TransaviaKos
36%
Corendon Dutch, Transavia, VuelingGran Canaria
36%
Jet AirwaysBangalore
36%
KLMAlmaty
35%
KLMBonaire
35%
easyJet, KLMBristol
35%
Air FranceStrasbourg
34%
Aegean Air, easyJet, TransaviaRhodes
34%
TransaviaPisa
34%
Delta, KLMSalt Lake City
33%
Air Arabia MarocFez
32%
KLMGraz
32%
KLM, Transavia, VuelingCatania
32%
KLMStavanger
31%
Air Arabia Maroc, Jetairfly, Royal Air MarocTangier
30%
KLMLuanda
29%
KLMDenpasar/Bali
29%
KLMColombo
28%
TransaviaKatowice
27%
TransaviaVerona
27%
KLM, MeridianaCagliari
27%
KLMDar es Salaam
27%
KLMBillund
26%
KLMTrondheim
26%
FlybeNottingham/East Midlands
26%
TransaviaLarnaca
26%
Corendon Dutch, easyJet, TransaviaLanzarote
26%
KLMNuremberg
26%
Air FranceRennes
25%
KLMMontpellier
25%
KLMBahrain
25%
TransaviaFunchal
24%
FlybeDoncaster/Sheffield
24%
Corendon Air, Corendon Dutch, Pegasus Air, TransaviaBodrum
23%
TransaviaSantorini
23%
Corendon Dutch, Transavia, VuelingFuerteventura
23%
KLMInverness
23%
KLMAalborg
22%
TransaviaWroclaw
22%
KLMNorwich
22%
TransaviaAgadir
21%
Corendon DutchHurghada
21%
Croatia AirlinesPula
21%
KLMGuayaquil
20%
TransaviaAjaccio
20%
KLMMauritius
20%
KLMHangzhou
19%
TransaviaZakynthos
19%
Adria AirwaysLodz
18%
easyJetGrenoble
18%
TransaviaPaphos
18%
Corendon Dutch, TransaviaGirona
18%
TransaviaChania
17%
KLMKilimanjaro
17%
easyJet, TransaviaOlbia
16%
FlybeExeter
16%
TransaviaLa Palma
15%
Corendon Air, TransaviaDalaman
15%
Corendon DutchEilat–Ovda
15%
KLMKigali
15%
Corendon Dutch, TransaviaBurgas
15%
Corendon Air, TransaviaAlanya/Gazipaşa
14%
KLMDammam
14%
KLMCartagena
14%
Corendon Dutch, TransaviaSamos
13%
Corendon Dutch, TransaviaBanjul
12%
TransaviaKalamata
12%
TACVPraia
12%
Air FranceClermont–Ferrand
12%
Corendon DutchAlghero
11%
KLMEntebbe
11%
Air Arabia Maroc, Corendon Dutch, Jetairfly, Royal Air MarocNador
11%
KLMHumberside
11%
KLMKristiansand
10%
KLMLinköping
10%
TransaviaAlmería
10%
TransaviaBoa Vista
9%
KLMÅlesund
9%
TransaviaLamezia Terme
9%
KLMFreetown
9%
TransaviaKefalonia
9%
TransaviaReus
9%
Corendon Air, Onur Air, SunExpressKayseri
8%
KLMMonrovia
8%
Air AstanaAtyrau
7%
Corendon DutchAqaba
7%
Royal Air MarocOujda
7%
FlybeDundee
6%
Corendon Air, SunExpressKonya
6%
Transavia, ZagrosjetErbil
5%
TransaviaPreveza
5%
Royal Air Maroc, SunExpress DeutschlandAl Hoceima
5%
Corendon DutchOhrid
5%
TransaviaMonastir
5%
TransaviaVolos
4%
KLMSandefjord
4%
TransaviaKavala
4%
Corendon DutchPlovdiv
4%
Malmö AviationUmea
4%
TACVSao Vicente
4%
TransaviaChambéry
3%
TransaviaBergerac
3%
TransaviaChios
3%
TransaviaMytilene
2%
TransaviaComiso
2%
Corendon DutchErcan
2%
Corendon DutchElazığ
2%
Corendon DutchTetouan
1%
KLMDurham Trees Valley
1%

Score Distribution

Percentile by Number Answered

Percent of People with Each Score

Your Score History

You have not taken this quiz since the last reset